000 00707naa a2200229 i 4500
001 17369
003 ES-MaBCM
005 20241016093754.0
008 920129s1991 ita 000 0 ita d
021 _axx
035 _a(OCoLC)1365243525
040 _cES-MaBCM
041 0 _aita
043 _aita
100 1 _aArena, Giacomo
_92169
245 1 0 _aNote a margine del problema dell'esecuzione delle pronunce del giudice amministrativo
_cGiacomo Arena
650 7 _aEjecución de sentencia
_958487
651 2 4 _aItalia
_9115380
655 _aCongreso
_9115341
773 0 _aEn:
_tRivista amministrativa della Repubblica Italiana
_dRoma : 1991
_w104691
_gnº 9, septiembre ; p. 1306-1311
942 _cAREV
999 _c17369
_d17369